000 01084nam0a2200313 4500
001 RU\NLR\bibl\1765631
005 20260406000212.0
010 _a978-5-88503-964-2
_93000
021 _aRU
_b2011-24868
_91769
035 _a(NLR Aleph) 001756428
090 _a1551120
_c1551120
100 _a20110503d2010 |||y0rusy50 ca
101 0 _arus
_aara
102 _aRU
105 _ay |||||||||
200 1 _aТолкование коранических притч и иносказаний
_f[сост.: Баходур (Ибрахим) Умаров]
210 _aМосква
_aСанкт-Петербург
_cДиля
_d2010
215 _a99, [1] с.
_d24
300 _aЧасть текста араб.
605 _aКоран
_xТолкование
_92186408
_3RU\NLR\auth\661314534
686 _aЭ38-210.22
702 1 _4220
_8rus
_7ca
_aУмаров
_bБ.
_gБаходур
_3RU\NLR\AUTH\77109779
_992704
801 0 _aRU
_bNLR
_c20110503
_gRCR
801 1 _aRU
_bNLR
_c20110503
942 _cBOOK
980 _aNB